[Event "European School-ch 2019"]
[Site "Mamaia"]
[Date "2019.06.07"]
[Round "8.27"]
[White "Carac, Radu-Ionut"]
[Black "Kolesov, Gordey"]
[Result "0-1"]
[WhiteElo "1550"]
[BlackElo "1745"]
[Annotator "NA RC"]
[PlyCount "102"]
[EventDate "2019.05.31"]
[EventType "swiss"]
[EventCountry "ROU"]
[SourceTitle "playchess.com"]
[Source "ChessBase"]
[SourceQuality "1"]

1. d4 Nf6 2. c4 e6 3. Nc3 Bb4 4. Qc2 O-O 5. Bg5 h6 6. Bh4 d5 7. cxd5 exd5 8. e3 c6 9. a3 Bd6 10. Nf3 Re8 11. Bd3 Nbd7 12. O-O Nf8 13. e4 dxe4 14. Nxe4 Be7 15. Nxf6+ Bxf6 16. Bxf6 Qxf6 17. Ne5 Ne6 18. Nxc6 Nf4 19. Be4 bxc6 20. Qxc6 Ba6 21. Rfd1 Rac8 22. Qxf6 gxf6 23. f3 Red8 24. d5 Bb7 25. d6 Bxe4 26. fxe4 Rc6 27. d7 Rc7 28. Rd6 Ne6 29. Rad1 Kf8 30. b4 Ke7 31. Kf2 Rdxd7 32. Rxd7+ Rxd7 33. Rd5 Rxd5 34. exd5 Nc7 35. Ke3 Kd6 36. Kd4 Nb5+ 37. Ke4 Nxa3 38. Kf5 Nc2 39. Kxf6 Nxb4 40. Kxf7 a5 41. g4 a4 42. h4 a3 43. g5 hxg5 44. hxg5 a2 45. g6 a1=Q 46. g7 Qf1+ 47. Kg8 Nxd5 48. Kh7 Nf6+ 49. Kg6 Ke7 50. Kh6 Qh3+ 51. Kg6 Qh5# 0-1

[Event "European School-ch 2019"]
[Site "Mamaia"]
[Date "2019.06.07"]
[Round "8.28"]
[White "Karimli, Yusif"]
[Black "Qalabegashvili, Data"]
[Result "1-0"]
[WhiteElo "1470"]
[BlackElo "1309"]
[Annotator "NA RC"]
[PlyCount "118"]
[EventDate "2019.05.31"]
[EventType "swiss"]
[EventCountry "ROU"]
[SourceTitle "playchess.com"]
[Source "ChessBase"]
[SourceQuality "1"]

1. Nf3 Nf6 2. g3 g6 3. Bg2 Bg7 4. O-O O-O 5. d4 d6 6. c4 Nc6 7. Nc3 e5 8. dxe5 dxe5 9. Bg5 h6 10. Qxd8 Rxd8 11. Bxf6 Bxf6 12. Nd5 Bg7 13. Nxc7 Rb8 14. Rfd1 Bf5 15. Rd5 Be4 16. Rxd8+ Rxd8 17. Kf1 Bxf3 18. Bxf3 Rd2 19. Rb1 Rc2 20. Bd5 Nd4 21. e3 Nc6 22. Nb5 e4 23. Bxe4 Rxc4 24. Bd3 Rc5 25. b4 Rh5 26. h4 a6 27. Na3 Bf8 28. Nc2 Rd5 29. Ke2 b5 30. Be4 Rd6 31. a3 Ne5 32. Rd1 Rf6 33. Bd5 a5 34. Rb1 Rd6 35. e4 axb4 36. Rxb4 Rb6 37. Rb3 Nc6 38. Bxc6 Rxc6 39. Nd4 Rb6 40. Rxb5 Ra6 41. Rb8 Kg7 42. e5 Rxa3 43. Rb7 Kg8 44. e6 fxe6 45. Nxe6 Ra8 46. Nf4 g5 47. Nh5 Ra6 48. hxg5 hxg5 49. Kf3 Bh6 50. Kg4 Ra5 51. Nf6+ Kf8 52. Kh5 Bg7 53. Kg6 Bxf6 54. Kxf6 Ke8 55. Rb3 Kd7 56. Rf3 g4 57. Rf4 Ra2 58. Kg5 Ke6 59. Kxg4 Kd5 1-0

[Event "European School-ch 2019"]
[Site "Mamaia"]
[Date "2019.06.07"]
[Round "8.29"]
[White "Durucay, Uygar"]
[Black "Zheng, Harry Z"]
[Result "1-0"]
[WhiteElo "1575"]
[BlackElo "1653"]
[Annotator "NA RC"]
[PlyCount "129"]
[EventDate "2019.05.31"]
[EventType "swiss"]
[EventCountry "ROU"]
[SourceTitle "playchess.com"]
[Source "ChessBase"]
[SourceQuality "1"]

1. d4 Nf6 2. Bf4 e6 3. e3 d5 4. Nf3 c5 5. c3 Bd6 6. Bg3 O-O 7. Nbd2 Qc7 8. Bd3 Nbd7 9. O-O b6 10. e4 Bxg3 11. hxg3 dxe4 12. Nxe4 Bb7 13. Qc2 c4 14. Nxf6+ Nxf6 15. Be2 b5 16. Ne5 Be4 17. Qd2 Rfd8 18. Qf4 Qb7 19. f3 Bf5 20. g4 Bg6 21. g5 Nd5 22. Qg3 Ne3 23. Rf2 Nf5 24. Qf4 Rac8 25. g4 Nd6 26. Rh2 Qe7 27. Kg2 f6 28. Nxg6 hxg6 29. Rah1 Nf7 30. gxf6 Qxf6 31. Qe3 e5 32. dxe5 Qxe5 33. Rh8+ Nxh8 34. Qxe5 Re8 35. Qd5+ Nf7 36. Kf2 Re5 37. Qd7 Rce8 38. Re1 R8e7 39. Qd2 Re8 40. f4 R5e6 41. Rd1 Rxe2+ 42. Qxe2 Rxe2+ 43. Kxe2 a6 44. Ke3 Nh6 45. Kf3 Nf7 46. Rd7 Kf8 47. Ra7 Kg8 48. Rxa6 Kh7 49. Rb6 Kg8 50. Rxb5 Kh7 51. a4 Nd6 52. Rd5 Ne8 53. a5 Nc7 54. Rc5 Ne6 55. Rxc4 Ng5+ 56. fxg5 Kh8 57. a6 Kg8 58. Rc7 Kh8 59. a7 Kh7 60. Kg3 Kg8 61. a8=Q+ Kh7 62. Qb7 Kh8 63. b3 Kg8 64. Rxg7+ Kf8 65. Qe7# 1-0

[Event "European School-ch 2019"]
[Site "Mamaia"]
[Date "2019.06.07"]
[Round "8.30"]
[White "Celik, Ali Alper"]
[Black "Paunescu, Stefan-Vlad"]
[Result "0-1"]
[WhiteElo "1169"]
[BlackElo "1358"]
[Annotator "NA RC"]
[PlyCount "112"]
[EventDate "2019.05.31"]
[EventType "swiss"]
[EventCountry "ROU"]
[SourceTitle "playchess.com"]
[Source "ChessBase"]
[SourceQuality "1"]

1. e4 e5 2. Nf3 d6 3. d4 exd4 4. Nxd4 Nf6 5. Nc3 Be7 6. Be3 O-O 7. Be2 Re8 8. g4 Bf8 9. f3 d5 10. g5 dxe4 11. gxf6 exf3 12. fxg7 Bxg7 13. Nxf3 Qf6 14. Qd2 Bg4 15. Rg1 Bxf3 16. Bd4 Qh4+ 17. Kd1 Bxe2+ 18. Nxe2 f6 19. Ng3 Qg4+ 20. Ne2 Qf3 21. Qd3 Qxd3+ 22. cxd3 Kf7 23. Nf4 Nc6 24. Bc3 Rad8 25. Nh5 Rg8 26. Nxg7 Rxg7 27. Rxg7+ Kxg7 28. Kd2 b5 29. Rg1+ Kf7 30. Rf1 Rd6 31. b3 Re6 32. Rf5 a6 33. Rh5 Kg6 34. Rc5 f5 35. Rd5 f4 36. Rd7 Re7 37. Rxe7 Nxe7 38. Be5 Nd5 39. Ke2 Kf5 40. Bd4 Kg4 41. Kf2 Kh3 42. Kg1 f3 43. a3 Nf4 44. Be5 Nxd3 45. Bxc7 f2+ 46. Kf1 h5 47. b4 Kg4 48. Bg3 Kh3 49. Bc7 Nb2 50. Kxf2 Nc4 51. Kf3 Nxa3 52. Ke4 Nc2 53. Kd5 Nxb4+ 54. Kc5 Nd3+ 55. Kb6 b4 56. Kxa6 b3 0-1

[Event "European School-ch 2019"]
[Site "Mamaia"]
[Date "2019.06.07"]
[Round "8.31"]
[White "Ochedzan, Filip"]
[Black "Danila, Tudor-Gabriel"]
[Result "1/2-1/2"]
[WhiteElo "1298"]
[BlackElo "1336"]
[Annotator "NA RC"]
[PlyCount "102"]
[EventDate "2019.05.31"]
[EventType "swiss"]
[EventCountry "ROU"]
[SourceTitle "playchess.com"]
[Source "ChessBase"]
[SourceQuality "1"]

1. e4 c5 2. Nf3 Nc6 3. d4 cxd4 4. Nxd4 g6 5. c4 Bg7 6. Be3 Nf6 7. Nc3 O-O 8. Be2 d6 9. O-O Nxd4 10. Bxd4 Be6 11. f4 Rc8 12. b3 a5 13. Qd3 Bd7 14. Rad1 Bc6 15. Qe3 Nd7 16. Bxg7 Kxg7 17. Bg4 Ra8 18. Rf3 Qc7 19. Rh3 Qb6 20. Rd4 Nf6 21. Be2 e5 22. Rxd6 Qxe3+ 23. Rxe3 exf4 24. Rf3 Nxe4 25. Nxe4 Bxe4 26. Rxf4 Bc6 27. Bf3 Bxf3 28. Rxf3 f5 29. Rd7+ Rf7 30. Rfd3 Raf8 31. R7d5 b6 32. Rb5 Rf6 33. c5 bxc5 34. Rxa5 Rc8 35. Rc3 Rfc6 36. Ra7+ Kg8 37. Kf2 c4 38. b4 Rd6 39. a4 Rd2+ 40. Kf3 g5 41. h3 Rb2 42. Ke3 Rxb4 43. Kd4 f4 44. a5 Ra4 45. Ke4 Rd8 46. Rc7 Rxa5 47. R3xc4 Ra2 48. Rc2 Ra4+ 49. Kf5 Ra5+ 50. Kg4 Rf8 51. R2c5 Rxc5 1/2-1/2

[Event "European School-ch 2019"]
[Site "Mamaia"]
[Date "2019.06.07"]
[Round "8.33"]
[White "Kumar, Sanjit S"]
[Black "Mammadli, Ali"]
[Result "1-0"]
[WhiteElo "1392"]
[BlackElo "1220"]
[Annotator "NA RC"]
[PlyCount "59"]
[EventDate "2019.05.31"]
[EventType "swiss"]
[EventCountry "ROU"]
[SourceTitle "playchess.com"]
[Source "ChessBase"]
[SourceQuality "1"]

1. e4 e5 2. Nf3 Nc6 3. Bc4 Bc5 4. c3 Nf6 5. d3 d6 6. Nbd2 a6 7. Bb3 Be6 8. Bc2 O-O 9. O-O Qd7 10. h3 d5 11. Re1 d4 12. Nf1 h6 13. Ng3 Rfe8 14. Qe2 Rad8 15. a4 a5 16. Bd2 Qd6 17. Rad1 Rb8 18. Bc1 b5 19. axb5 Rxb5 20. Ba4 Rb6 21. Nh4 Bb3 22. Bxb3 Rxb3 23. Nhf5 Qe6 24. Qc2 Reb8 25. cxd4 Bxd4 26. Nxd4 exd4 27. Nf5 R8b7 28. Qxc6 Qxc6 29. Ne7+ Kf8 30. Nxc6 1-0

[Event "European School-ch 2019"]
[Site "Mamaia"]
[Date "2019.06.07"]
[Round "8.34"]
[White "Kliashtornyi, Arkadii"]
[Black "Yasmo, Daniil"]
[Result "0-1"]
[WhiteElo "1317"]
[BlackElo "1424"]
[Annotator "NA RC"]
[PlyCount "182"]
[EventDate "2019.05.31"]
[EventType "swiss"]
[EventCountry "ROU"]
[SourceTitle "playchess.com"]
[Source "ChessBase"]
[SourceQuality "1"]

1. d4 d5 2. Nf3 e6 3. g3 f5 4. Bg2 c6 5. O-O Nf6 6. c4 Bd6 7. c5 Bc7 8. Nc3 O-O 9. b4 Nbd7 10. a4 e5 11. dxe5 Nxe5 12. Nxe5 Bxe5 13. Bb2 Ne4 14. Qc2 Qf6 15. Nxe4 fxe4 16. Bxe5 Qxe5 17. Ra2 Be6 18. Qb2 Qh5 19. f3 exf3 20. exf3 Bh3 21. g4 Qh6 22. Qd2 Qxd2 23. Rxd2 Bxg2 24. Kxg2 Rf4 25. Rb1 Raf8 26. Rb3 Rc4 27. a5 a6 28. h3 Rff4 29. Rdb2 Kf7 30. Kg3 g5 31. h4 h6 32. hxg5 hxg5 33. Kf2 Rfd4 34. Ke2 Rf4 35. Kd2 Kf6 36. Ke2 Rc1 37. Kd2 Rh1 38. Ke3 Rh3 39. Kf2 Rh2+ 40. Kg3 Rxb2 41. Rxb2 Rc4 42. Kf2 Ke5 43. Rb3 Kd4 44. Ke2 Rc2+ 45. Kd1 Rh2 46. Ke1 Kc4 47. Re3 Rh7 48. Re5 Rg7 49. Re2 Kxb4 50. Rc2 Kxa5 51. Rb2 Rf7 52. Kd2 Rxf3 53. Rxb7 Rf4 54. Rb6 Rxg4 55. Rxc6 Kb5 56. Rd6 Kxc5 57. Rxa6 Re4 58. Ra5+ Kd4 59. Ra4+ Ke5 60. Ra8 Kf4 61. Rf8+ Kg3 62. Rd8 Re5 63. Kd3 g4 64. Kd4 Re1 65. Ra8 Kf2 66. Kxd5 g3 67. Rf8+ Kg1 68. Kd4 g2 69. Kd3 Ra1 70. Ke3 Ra3+ 71. Ke2 Kh2 72. Rf2 Ra2+ 73. Kf3 Rxf2+ 74. Kxf2 g1=Q+ 75. Kf3 Kh3 76. Ke4 Qf2 77. Kd5 Qe3 78. Kc4 Kg4 79. Kd5 Kf5 80. Kc4 Qd2 81. Kc5 Qd3 82. Kc6 Qd4 83. Kc7 Qd5 84. Kb6 Qc4 85. Kb7 Qc5 86. Kb8 Qc6 87. Ka7 Qb5 88. Ka8 Ke6 89. Ka7 Kd7 90. Ka8 Kc7 91. Ka7 Qa4# 0-1

[Event "European School-ch 2019"]
[Site "Mamaia"]
[Date "2019.06.07"]
[Round "8.35"]
[White "Dias, Ruwan"]
[Black "Tutunculer, Cagan"]
[Result "0-1"]
[WhiteElo "1359"]
[BlackElo "1193"]
[Annotator "NA RC"]
[PlyCount "74"]
[EventDate "2019.05.31"]
[EventType "swiss"]
[EventCountry "ROU"]
[SourceTitle "playchess.com"]
[Source "ChessBase"]
[SourceQuality "1"]

1. e4 c5 2. Nc3 d6 3. f4 Nc6 4. Nf3 Nf6 5. Bc4 e6 6. O-O Be7 7. d3 O-O 8. Qe1 a6 9. Qg3 Kh8 10. Be3 b5 11. Bb3 d5 12. Qh3 d4 13. Ng5 h6 14. e5 Nh7 15. Nxh7 Kxh7 16. Ne4 dxe3 17. Qxe3 Qd4 18. Qxd4 Nxd4 19. Rae1 Bb7 20. c3 Nxb3 21. axb3 Rfd8 22. f5 Rxd3 23. fxe6 fxe6 24. Rf7 Bxe4 25. Rxe4 Rf8 26. Ref4 Rxf7 27. Rxf7 Rd7 28. Kf1 Kg6 29. Rf2 Rd8 30. Re2 Rd1+ 31. Kf2 Bg5 32. h3 Rd2 33. Rxd2 Bxd2 34. Ke2 Bc1 35. Kd3 Bxb2 36. g3 Kf5 37. c4 b4 0-1

[Event "European School-ch 2019"]
[Site "Mamaia"]
[Date "2019.06.07"]
[Round "8.37"]
[White "Savu, Vicentiu-Dorian"]
[Black "Babayev, Yusif"]
[Result "1-0"]
[WhiteElo "1133"]
[BlackElo "1230"]
[Annotator "NA RC"]
[PlyCount "53"]
[EventDate "2019.05.31"]
[EventType "swiss"]
[EventCountry "ROU"]
[SourceTitle "playchess.com"]
[Source "ChessBase"]
[SourceQuality "1"]

1. d4 d5 2. Bf4 c5 3. e3 cxd4 4. exd4 Nc6 5. Nf3 g6 6. c4 Bg7 7. Nc3 dxc4 8. Bxc4 Nxd4 9. Ne5 Be6 10. Qa4+ Bd7 11. Bxf7+ Kf8 12. Qxd4 Bxe5 13. Bxe5 Nf6 14. Bd5 Bc8 15. O-O h6 16. Qb4 Kg7 17. Rfd1 a5 18. Qb5 Qe8 19. Qb6 Ra6 20. Qc7 Kh7 21. Re1 Rf8 22. Bxf6 Raxf6 23. Rxe7+ R8f7 24. Bxf7 Qh8 25. Be6+ Rf7 26. Rxf7+ Kg8 27. Qd8# 1-0

[Event "European School-ch 2019"]
[Site "Mamaia"]
[Date "2019.06.07"]
[Round "8.41"]
[White "Sida, Flavia-Maria"]
[Black "Ismayilova, Khanim"]
[Result "1/2-1/2"]
[WhiteElo "1219"]
[BlackElo "1225"]
[Annotator "NA RC"]
[PlyCount "91"]
[EventDate "2019.05.31"]
[EventType "swiss"]
[EventCountry "ROU"]
[SourceTitle "playchess.com"]
[Source "ChessBase"]
[SourceQuality "1"]

1. d4 Nf6 2. c4 e6 3. Nf3 d5 4. Bg5 Bb4+ 5. Nc3 h6 6. Bh4 dxc4 7. e3 b5 8. a4 c6 9. Ne5 Bb7 10. Qf3 Qd5 11. Bxf6 Qxf3 12. Nxf3 gxf6 13. h3 a6 14. Be2 Nd7 15. O-O Bxc3 16. bxc3 Nb6 17. axb5 cxb5 18. Rfb1 Nd5 19. Rc1 Ke7 20. Rab1 Bc6 21. g3 Rhb8 22. Nd2 f5 23. Ra1 Rb7 24. Nb1 Nf6 25. Rc2 Bd5 26. Nd2 Ne4 27. Nxe4 Bxe4 28. Rca2 Rba7 29. f3 Bc6 30. Ra5 Bb7 31. Kf2 Kf6 32. h4 Rd8 33. Rxb5 axb5 34. Rxa7 Bc6 35. Ra6 Bd5 36. Rb6 Ra8 37. Rxb5 Ra3 38. Rc5 Rxc3 39. e4 fxe4 40. fxe4 Bxe4 41. Rxc4 Rxc4 42. Bxc4 Bd5 43. Bd3 Bb3 44. Kf3 Bd1+ 45. Kf4 h5 46. Be4 1/2-1/2

[Event "European School-ch 2019"]
[Site "Mamaia"]
[Date "2019.06.07"]
[Round "8.42"]
[White "Mgeladze, Kesaria"]
[Black "Zarkua, Anastasia"]
[Result "1-0"]
[WhiteElo "1322"]
[BlackElo "1108"]
[Annotator "NA RC"]
[PlyCount "117"]
[EventDate "2019.05.31"]
[EventType "swiss"]
[EventCountry "ROU"]
[SourceTitle "playchess.com"]
[Source "ChessBase"]
[SourceQuality "1"]

1. d4 Nf6 2. c4 e6 3. Nc3 d5 4. Nf3 Be7 5. Bg5 Nbd7 6. e3 O-O 7. cxd5 exd5 8. Bd3 b6 9. O-O Bb7 10. Rc1 Rc8 11. Ne2 Ne4 12. Bxe4 dxe4 13. Bxe7 Qxe7 14. Nd2 c5 15. Nb3 Rfd8 16. Nf4 Ne5 17. Qe2 cxd4 18. exd4 Nf3+ 19. Kh1 Rxc1 20. Rxc1 Nxd4 21. Nxd4 Rxd4 22. Qc2 h6 23. Ne2 Rd6 24. Qb3 Ba6 25. Ng3 Bb7 26. Nf5 Qg5 27. Ne3 Qf6 28. Kg1 Rd2 29. Nd1 Bd5 30. Qa3 Qg6 31. Qxa7 Qg4 32. Ne3 Qe2 33. Rf1 b5 34. Nxd5 Rd1 35. Qa8+ Kh7 36. Ne3 Rxf1+ 37. Nxf1 Qxb2 38. Qxe4+ Kg8 39. Qe8+ Kh7 40. Qxf7 Qe2 41. Qb3 Kh8 42. h3 Qe5 43. Qe3 Qb2 44. Qd2 Qe5 45. Qc1 Qd5 46. Qc8+ Kh7 47. Qc2+ Kh8 48. Ne3 Qe5 49. Qc8+ Kh7 50. Qf5+ Qxf5 51. Nxf5 Kg6 52. Nd4 Kf6 53. Nxb5 Ke5 54. Kf1 Kd5 55. Ke2 Kc4 56. Nd6+ Kb4 57. Nf5 Ka3 58. Nxg7 Kxa2 59. Nf5 1-0

[Event "European School-ch 2019"]
[Site "Mamaia"]
[Date "2019.06.07"]
[Round "8.43"]
[White "State-Ungureanu, Elena-Anastasia"]
[Black "Korolchuk, Vladyslava"]
[Result "0-1"]
[WhiteElo "1057"]
[BlackElo "1032"]
[Annotator "NA RC"]
[PlyCount "160"]
[EventDate "2019.05.31"]
[EventType "swiss"]
[EventCountry "ROU"]
[SourceTitle "playchess.com"]
[Source "ChessBase"]
[SourceQuality "1"]

1. e4 c5 2. Nf3 d6 3. d4 cxd4 4. Nxd4 Nf6 5. Nc3 a6 6. Be2 e6 7. Be3 Be7 8. O-O Bd7 9. Qd2 O-O 10. Rad1 Nc6 11. Bg5 d5 12. Nxc6 bxc6 13. Rfe1 h6 14. Bh4 a5 15. a4 Qc7 16. Bg3 Bd6 17. Bxd6 Qxd6 18. Bf3 Qc7 19. exd5 cxd5 20. h3 Rab8 21. Rb1 Rfd8 22. Qd4 Rb4 23. Qe5 Qxe5 24. Rxe5 d4 25. Nb5 Rxa4 26. b3 Rb4 27. Nd6 a4 28. Nb7 Rc8 29. Nc5 axb3 30. cxb3 Rcb8 31. Ree1 Rc8 32. Rec1 e5 33. Nd3 Rxc1+ 34. Nxc1 Bf5 35. Rb2 e4 36. Be2 d3 37. Bf1 Rd4 38. Rd2 Rb4 39. Rb2 Nd7 40. f3 Ne5 41. fxe4 Bxe4 42. Rd2 Bd5 43. Nxd3 Nxd3 44. Rxd3 Bxb3 45. Rd8+ Kh7 46. Bd3+ g6 47. Rd7 Be6 48. Ra7 Rd4 49. Bb5 Kg7 50. Kf2 Kf6 51. Ra5 Rd5 52. Ke3 Ke5 53. g4 Bd7 54. Ra7 Bxb5 55. Rxf7 Rd3+ 56. Kf2 Rxh3 57. Kg2 Bc4 58. Rc7 Rc3 59. Kf2 Kf4 60. Rc6 Rc2+ 61. Ke1 g5 62. Kd1 Bb3 63. Rxc2 Bxc2+ 64. Kxc2 Kxg4 65. Kd2 Kf3 66. Ke1 Kg2 67. Ke2 h5 68. Ke3 h4 69. Ke4 h3 70. Kf5 h2 71. Kxg5 h1=Q 72. Kf4 Kf2 73. Ke5 Qf3 74. Kd4 Qf5 75. Kc4 Ke3 76. Kc3 Qe4 77. Kb3 Kd2 78. Kb2 Qd3 79. Ka1 Kc2 80. Ka2 Qa6# 0-1

[Event "European School-ch 2019"]
[Site "Mamaia"]
[Date "2019.06.07"]
[Round "8.45"]
[White "Petrenko, Maryna"]
[Black "Zhapova, Yana"]
[Result "0-1"]
[WhiteElo "1307"]
[BlackElo "1804"]
[Annotator "NA RC"]
[PlyCount "56"]
[EventDate "2019.05.31"]
[EventType "swiss"]
[EventCountry "ROU"]
[SourceTitle "playchess.com"]
[Source "ChessBase"]
[SourceQuality "1"]

1. d4 d5 2. Bf4 Nf6 3. e3 c5 4. c3 cxd4 5. cxd4 Nc6 6. Nc3 Qb6 7. a3 Bg4 8. f3 Bf5 9. Na4 Qd8 10. Bd3 Bxd3 11. Qxd3 e6 12. Ne2 Be7 13. O-O O-O 14. Rad1 Rc8 15. b4 Qd7 16. Nb2 Rfd8 17. Qb1 b6 18. Kh1 Qb7 19. Rc1 Nh5 20. Nd3 Nxf4 21. Nexf4 Bd6 22. Qb2 Qb8 23. g3 h6 24. Qg2 Ne7 25. Qh3 Nf5 26. Nxd5 Bxg3 27. Ne7+ Nxe7 28. hxg3 Nf5 0-1

[Event "European School-ch 2019"]
[Site "Mamaia"]
[Date "2019.06.07"]
[Round "8.46"]
[White "Babic, Masa"]
[Black "Novikova, Daria"]
[Result "1-0"]
[WhiteElo "1715"]
[BlackElo "1441"]
[Annotator "NA RC"]
[PlyCount "95"]
[EventDate "2019.05.31"]
[EventType "swiss"]
[EventCountry "ROU"]
[SourceTitle "playchess.com"]
[Source "ChessBase"]
[SourceQuality "1"]

1. Nf3 d5 2. g3 c6 3. Bg2 Nf6 4. O-O Bf5 5. d3 e6 6. Nbd2 Nbd7 7. b3 Be7 8. Bb2 O-O 9. c4 Rc8 10. a3 c5 11. cxd5 exd5 12. Rc1 Re8 13. Re1 Bg6 14. Nb1 d4 15. a4 Nb8 16. Ne5 Nc6 17. Nxc6 bxc6 18. Ba3 Qb6 19. Qc2 Nd7 20. Nd2 Rb8 21. Rb1 Qc7 22. Nc4 Nb6 23. Rec1 Nd5 24. Bxd5 cxd5 25. Nd2 Bg5 26. f4 Bxf4 27. gxf4 Qxf4 28. Nf3 Re3 29. Rf1 Qg4+ 30. Kh1 Rbe8 31. Rbe1 Bxd3 32. exd3 Qxf3+ 33. Rxf3 Rxe1+ 34. Kg2 R8e2+ 35. Qxe2 Rxe2+ 36. Rf2 Re3 37. Bxc5 Rxd3 38. b4 Rb3 39. Rd2 d3 40. b5 Rc3 41. Bxa7 Rc4 42. a5 Rc7 43. Bb6 Rc3 44. a6 Ra3 45. a7 f6 46. Rxd3 Ra2+ 47. Kg3 Kf7 48. Bc5 1-0

[Event "European School-ch 2019"]
[Site "Mamaia"]
[Date "2019.06.07"]
[Round "8.47"]
[White "Babic, Milana"]
[Black "Mikhailina, Olga"]
[Result "1/2-1/2"]
[WhiteElo "1677"]
[BlackElo "1338"]
[Annotator "NA RC"]
[PlyCount "93"]
[EventDate "2019.05.31"]
[EventType "swiss"]
[EventCountry "ROU"]
[SourceTitle "playchess.com"]
[Source "ChessBase"]
[SourceQuality "1"]

1. Nf3 d5 2. g3 Nf6 3. Bg2 c6 4. O-O Bf5 5. d3 e6 6. b3 Be7 7. Bb2 O-O 8. Nbd2 h6 9. c4 a5 10. a3 Na6 11. Rc1 Nc7 12. Re1 Rc8 13. cxd5 exd5 14. Nd4 Bh7 15. e4 Re8 16. Bh3 Ra8 17. e5 Nd7 18. Bxd7 Qxd7 19. Qe2 Ne6 20. Nxe6 fxe6 21. d4 b6 22. Red1 c5 23. Qe3 Qb7 24. a4 Rf8 25. f3 Rf7 26. Rf1 Raf8 27. Bc3 Qa6 28. Rf2 Qd3 29. Qe2 cxd4 30. Qxd3 Bxd3 31. Bxd4 b5 32. Rc6 bxa4 33. bxa4 Bb4 34. f4 Bf5 35. Kg2 Rb7 36. h3 h5 37. Nf3 Re8 38. Rb2 Rbb8 39. Ng5 Rbc8 40. Rb6 Rb8 41. Kf3 Rxb6 42. Bxb6 Rc8 43. Bd4 Rc4 44. g4 hxg4+ 45. hxg4 Rxd4 46. gxf5 exf5 47. e6 1/2-1/2

[Event "European School-ch 2019"]
[Site "Mamaia"]
[Date "2019.06.07"]
[Round "8.48"]
[White "Tsetskhladze, Mariam"]
[Black "Rasheva, Nora"]
[Result "1-0"]
[WhiteElo "1174"]
[BlackElo "1473"]
[Annotator "NA RC"]
[PlyCount "109"]
[EventDate "2019.05.31"]
[EventType "swiss"]
[EventCountry "ROU"]
[SourceTitle "playchess.com"]
[Source "ChessBase"]
[SourceQuality "1"]

1. e4 c6 2. g3 d5 3. Bg2 e5 4. exd5 cxd5 5. d4 e4 6. c4 Nc6 7. Ne2 Bg4 8. cxd5 Qxd5 9. Nbc3 Bb4 10. O-O Qh5 11. Qc2 Nf6 12. Nf4 Qa5 13. Nxe4 Nd7 14. Be3 O-O 15. a3 Be7 16. d5 Nce5 17. d6 Rfc8 18. Qb3 Bf8 19. Rac1 Nf3+ 20. Kh1 Rxc1 21. Rxc1 Rc8 22. Qb4 Rxc1+ 23. Bxc1 Qxb4 24. axb4 Nde5 25. Nd5 f5 26. Nc5 Bxd6 27. Nxb7 Bf8 28. Nf4 g5 29. Ne6 h6 30. Nxf8 Kxf8 31. Be3 Nd3 32. Bxa7 Nxb2 33. Bc5+ Kf7 34. h3 Bh5 35. Nd6+ Ke6 36. Nxf5 Kxf5 37. g4+ Bxg4 38. hxg4+ Kxg4 39. b5 Na4 40. Be3 h5 41. Bf1 Ne5 42. Be2+ Kh4 43. Kg2 g4 44. b6 Nxb6 45. Bxb6 Kg5 46. Bd8+ Kf5 47. Kg3 Ke4 48. Bb5 Ng6 49. Bc7 Ne5 50. Bxe5 Kxe5 51. Be8 h4+ 52. Kxg4 Ke4 53. f4 h3 54. Bc6+ Kd4 55. Kg5 1-0

[Event "European School-ch 2019"]
[Site "Mamaia"]
[Date "2019.06.07"]
[Round "8.49"]
[White "Karaivanova, Petya"]
[Black "Petricenco, Ana"]
[Result "1-0"]
[WhiteElo "1688"]
[BlackElo "1484"]
[Annotator "NA RC"]
[PlyCount "121"]
[EventDate "2019.05.31"]
[EventType "swiss"]
[EventCountry "ROU"]
[SourceTitle "playchess.com"]
[Source "ChessBase"]
[SourceQuality "1"]

1. e4 c6 2. d4 d5 3. exd5 cxd5 4. Bd3 Nc6 5. c3 g6 6. h3 Nf6 7. Nf3 Bf5 8. Be2 Qc7 9. Na3 a6 10. Nc2 Bg7 11. Ne3 Bd7 12. O-O O-O 13. Re1 b5 14. Bd2 Qb6 15. a3 a5 16. Qb3 a4 17. Qxb5 Qxb5 18. Bxb5 Rfb8 19. Bxc6 Bxc6 20. Nd1 e6 21. Ne5 Bb5 22. f3 Ne8 23. Bf4 Rb6 24. Ng4 Rc8 25. Nge3 Bd3 26. Nf2 Bc4 27. Nxc4 Rxc4 28. Rab1 Nd6 29. Nd3 Nb7 30. Nb4 Rc8 31. Re2 Na5 32. Rbe1 h5 33. Kh2 Nc4 34. g4 hxg4 35. hxg4 Kf8 36. Kg2 Kg8 37. Kg3 Bf8 38. Rh2 Bg7 39. Rhe2 Bf8 40. Rh1 Bg7 41. Reh2 Ra8 42. Bh6 Rf8 43. g5 Re8 44. Re2 Rd8 45. f4 Nd6 46. Kf3 Nc4 47. Reh2 Re8 48. Nd3 Reb8 49. Bxg7 Kxg7 50. Nc5 Rd8 51. Nxa4 Rb3 52. Rh7+ Kf8 53. R1h2 Ke7 54. Re2 Kf8 55. Rhh2 Na5 56. Nc5 Rb5 57. a4 Rb6 58. b4 Nc6 59. a5 Rbb8 60. Ra2 Na7 61. Nd7+ 1-0

[Event "European School-ch 2019"]
[Site "Mamaia"]
[Date "2019.06.07"]
[Round "8.50"]
[White "Puia, Alexia-Teodora"]
[Black "Aydin, Gulenay"]
[Result "1/2-1/2"]
[WhiteElo "1543"]
[BlackElo "1967"]
[Annotator "NA RC"]
[PlyCount "83"]
[EventDate "2019.05.31"]
[EventType "swiss"]
[EventCountry "ROU"]
[SourceTitle "playchess.com"]
[Source "ChessBase"]
[SourceQuality "1"]

1. d4 Nf6 2. c4 g6 3. Nf3 Bg7 4. g3 O-O 5. Bg2 d6 6. O-O c6 7. Nc3 Qa5 8. Bd2 Qh5 9. Qb3 Na6 10. h3 Qa5 11. Rad1 Qc7 12. e4 e5 13. Qc2 Re8 14. a3 exd4 15. Nxd4 Nc5 16. Rfe1 Ne6 17. Nxe6 Bxe6 18. Bf4 Red8 19. c5 Ne8 20. cxd6 Nxd6 21. Nb5 Qb6 22. Nxd6 Bb3 23. Qe2 Bxd1 24. Rxd1 Qxb2 25. Qc4 Qf6 26. Rb1 Rxd6 27. Bxd6 Qxd6 28. Rxb7 Rf8 29. Rxa7 Qd2 30. Ra4 c5 31. Bf1 Bd4 32. Qe2 Qc3 33. Qd3 Qb2 34. Be2 Qc1+ 35. Kg2 Rb8 36. Rxd4 cxd4 37. Qxd4 Qxa3 38. Bc4 Qe7 39. Bd5 Rd8 40. Qc3 Re8 41. Qb3 Qf6 42. Qb5 1/2-1/2

[Event "European School-ch 2019"]
[Site "Mamaia"]
[Date "2019.06.07"]
[Round "8.51"]
[White "Putinceva, Marina"]
[Black "Shuqja, Klean"]
[Result "1-0"]
[WhiteElo "1471"]
[BlackElo "1858"]
[Annotator "NA RC"]
[PlyCount "100"]
[EventDate "2019.05.31"]
[EventType "swiss"]
[EventCountry "ROU"]
[SourceTitle "playchess.com"]
[Source "ChessBase"]
[SourceQuality "1"]

1. e4 d5 2. exd5 Qxd5 3. Nf3 Bg4 4. Be2 Nf6 5. d4 Nc6 6. Be3 O-O-O 7. c4 Qf5 8. h3 Bxf3 9. Bxf3 Nxd4 10. Bxd4 Qe6+ 11. Qe2 Qxe2+ 12. Bxe2 Rxd4 13. Nc3 e6 14. O-O Bb4 15. Rad1 Bxc3 16. bxc3 Rxd1 17. Rxd1 Rd8 18. Rd4 c5 19. Rxd8+ Kxd8 20. Bf3 Kc7 21. Kf1 Nd7 22. Ke1 Nb6 23. Be2 g5 24. Kd2 f5 25. Kd3 Nd7 26. f3 Kd6 27. Ke3 Nb6 28. Kd3 Ke5 29. g3 Na4 30. Bf1 h5 31. Ke3 Nxc3 32. f4+ Kf6 33. a3 Ne4 34. Be2 Nxg3 35. Bd1 gxf4+ 36. Kxf4 h4 37. Bf3 e5+ 38. Ke3 e4 39. Bd1 Ke5 40. Bc2 f4+ 41. Kf2 Kd4 42. a4 Kc3 43. Bd1 Kd2 44. Bg4 e3+ 45. Kg2 e2 46. Bxe2 Kxe2 47. a5 f3+ 48. Kh2 f2 49. a6 f1=Q 50. axb7 Qh1# 1-0